[Event "Politiken Cup"]
[Site "Helsingor DEN"]
[Date "2009.07.22"]
[Round "6"]
[White "Palvig,D"]
[Black "Kragh,N"]
[Result "0-1"]
[WhiteElo "1868"]
[BlackElo "2140"]
[EventDate "2009.07.18"]

1. d4 d5 2. Nf3 Nf6 3. Bf4 c5 4. e3 Qb6 5. Qc1 cxd4 6. exd4 Nc6 7. c3 Bf5
8. Nbd2 Rc8 9. Nb3 Nb4 10. Kd1 Nxa2 11. Nc5 Nxc1 0-1

[Event "Politiken Cup"]
[Site "Helsingor DEN"]
[Date "2009.07.22"]
[Round "6"]
[White "Frisvold,O"]
[Black "Andersson,C"]
[Result "0-1"]
[WhiteElo "1827"]
[BlackElo "2136"]
[EventDate "2009.07.18"]

1. d4 d6 2. e4 e5 3. dxe5 dxe5 4. Bc4 Qxd1+ 5. Kxd1 Nc6 6. c3 Bc5 7. f3 f5
8. Nd2 Nf6 9. Ne2 fxe4 10. Nxe4 Nxe4 11. fxe4 Bg4 12. Kc2 O-O-O 13. Bg5 Rd6
14. Bh4 Be3 15. Rad1 Rxd1 16. Rxd1 Na5 17. Bd3 c5 18. h3 Bh5 19. g4 Bg6 20.
Ng3 Bf7 21. Nf5 Bxa2 22. Nxe3 Bb3+ 23. Kd2 Bxd1 24. Kxd1 Rf8 25. Ke2 Nc6
26. Nd5 Kd7 27. Bg3 a6 28. Bf2 Kd6 29. Nb6 Rf6 30. Bc4 Na5 31. Ba2 Kc6 32.
Nd5 Rh6 33. h4 b5 34. g5 Rd6 35. Bg3 c4 36. Kf3 Re6 37. h5 Re8 38. Kg4 Kd6
39. Ne3 g6 40. Nd5 Rf8 41. Nf6 Rf7 42. Bf2 Nc6 43. b3 Na5 44. bxc4 Nxc4 45.
Bxc4 bxc4 46. Bb6 Kc6 47. Bd8 Kb5 48. Nxh7 gxh5+ 49. Kxh5 Rxh7+ 50. Kg6 Rd7
51. Bf6 a5 52. Bg7 Rd6+ 53. Kf7 a4 54. Bf8 a3 55. Bxd6 a2 56. Bxe5 a1=Q 57.
Bf6 Qa7+ 58. Kg6 Kc6 59. e5 Kd7 60. Kh6 Ke8 61. e6 Qe3 62. Kh7 Qxe6 63. Bg7
Kf7 64. Bf6 Qh3+ 0-1

[Event "Politiken Cup"]
[Site "Helsingor DEN"]
[Date "2009.07.22"]
[Round "6"]
[White "Rhee,A"]
[Black "Lyngsjo,H"]
[Result "0-1"]
[WhiteElo "2116"]
[BlackElo "1943"]
[EventDate "2009.07.18"]

1. g3 Nf6 2. Bg2 d5 3. c4 c6 4. Nf3 Bf5 5. O-O e6 6. Nc3 dxc4 7. Nh4 Bg4 8.
Qa4 Nbd7 9. Qxc4 Nb6 10. Qb3 Be7 11. a4 Qd7 12. d4 Qxd4 13. a5 Qc4 14. Qxc4
Nxc4 15. a6 Nd5 16. axb7 Rb8 17. Ra4 Ne5 18. Bf4 Nxf4 19. gxf4 Nd7 20. Bxc6
O-O 21. Ng2 Nb6 22. Rxa7 Nc4 23. Rc1 Rfd8 24. Ra8 Nb6 25. Ra6 Nd5 26. f3
Nb4 27. fxg4 Nxa6 28. Na4 Nb4 29. Bf3 Nd5 30. e4 Nb4 31. e5 Nd5 32. Nc5
Bxc5+ 33. Rxc5 Rxb7 34. Ne3 Rxb2 35. Nxd5 exd5 36. Bxd5 Kf8 37. h3 Rd2 38.
Bg2 Rb8 39. Rc1 Rbb2 40. Bf1 Rb4 41. f5 Re4 42. Rc8+ Ke7 43. Rc7+ Ke8 44.
Bb5+ Kd8 45. Rxf7 Re1+ 46. Bf1 Rdd1 47. Rxg7 Rxf1+ 48. Kg2 Rfe1 49. Kg3
Rd3+ 50. Kf4 Rxh3 51. e6 h6 52. Rg8+ Ke7 53. Rg7+ Kf8 54. Ra7 Rhh1 55. Ra8+
Ke7 56. Ra7+ Kd8 57. Ra8+ Kc7 58. Ra7+ Kb8 59. Rf7 Rhf1+ 60. Kg3 Re3+ 61.
Kg2 Rfe1 62. Rf8+ Kc7 63. f6 Rxe6 64. f7 Rf6 65. Ra8 Ref1 66. Ra7+ Kd8 67.
Kg3 R6f3+ 0-1

[Event "Politiken Cup"]
[Site "Helsingor DEN"]
[Date "2009.07.22"]
[Round "6"]
[White "Porte,H"]
[Black "Johansen,J"]
[Result "1/2-1/2"]
[WhiteElo "2115"]
[BlackElo "1968"]
[EventDate "2009.07.18"]

1. d4 Nf6 2. c4 g6 3. Nc3 d5 4. cxd5 Nxd5 5. e4 Nxc3 6. bxc3 Bg7 7. Be3 c5
8. Bc4 Nc6 9. Ne2 O-O 10. O-O Bd7 11. Rb1 a6 12. Qd2 b5 13. Bd3 cxd4 14.
cxd4 Qa5 15. Qxa5 Nxa5 16. Rfc1 Rfc8 17. Nf4 Rxc1+ 18. Rxc1 Rc8 19. Rxc8+
Bxc8 20. Nd5 Nc6 21. Nb6 Bb7 22. d5 Ne5 23. Be2 f6 24. Bc5 Kf8 25. f4 Nf7
26. Kf2 Ke8 27. Ke3 Bh6 28. a4 bxa4 29. Nxa4 f5 30. g4 fxe4 31. Kxe4 e6 32.
Nc3 exd5+ 33. Nxd5 Bxd5+ 34. Kxd5 Bxf4 35. h4 Bg3 1/2-1/2

[Event "Politiken Cup"]
[Site "Helsingor DEN"]
[Date "2009.07.22"]
[Round "6"]
[White "Andersen,L2 DEN"]
[Black "Nielsen,Aa"]
[Result "1-0"]
[WhiteElo "2113"]
[BlackElo "1932"]
[EventDate "2009.07.18"]

1. Nf3 f5 2. c4 Nf6 3. Nc3 d6 4. d4 g6 5. g3 Bg7 6. Bg2 O-O 7. O-O Qe8 8.
d5 Na6 9. Nd4 Bd7 10. Rb1 c5 11. Ndb5 Qf7 12. a3 h6 13. f4 Ng4 14. h3 Nf6
15. Qd3 Ne4 16. Nxe4 fxe4 17. Bxe4 Bxh3 18. Bxg6 Qf6 19. Rf2 Bf5 20. Bxf5
Qxf5 21. Qxf5 Rxf5 22. g4 Rf7 23. Bd2 Kh7 24. Kg2 Rg8 25. Kf3 Nb8 26. Rg2
Nd7 27. g5 Ne5+ 28. Ke4 Nxc4 29. g6+ Kh8 30. gxf7 Nxd2+ 31. Kd3 Nxb1 32.
fxg8=Q+ Kxg8 1-0

[Event "Politiken Cup"]
[Site "Helsingor DEN"]
[Date "2009.07.22"]
[Round "6"]
[White "Justinussen,S"]
[Black "Krueger,N"]
[Result "1/2-1/2"]
[WhiteElo "1942"]
[BlackElo "2106"]
[EventDate "2009.07.18"]

1. d4 d5 2. c4 e6 3. Nc3 Nf6 4. Bf4 c6 5. Nf3 Nbd7 6. e3 Be7 7. Bd3 O-O 8.
O-O b6 9. Qc2 Bb7 10. cxd5 exd5 11. Ne5 h6 12. Rac1 Nxe5 13. Bxe5 c5 14.
Qe2 Qd7 15. Qf3 Qg4 16. Be2 Qxf3 17. Bxf3 cxd4 18. Bxd4 Rac8 19. Bxf6 Bxf6
20. Bxd5 Rxc3 21. Bxb7 Rxc1 22. Rxc1 Bxb2 23. Rc7 1/2-1/2

[Event "Politiken Cup"]
[Site "Helsingor DEN"]
[Date "2009.07.22"]
[Round "6"]
[White "Peschardt,S"]
[Black "Brauner,J"]
[Result "1/2-1/2"]
[WhiteElo "2102"]
[BlackElo "1919"]
[EventDate "2009.07.18"]

1. d4 Nf6 2. Nf3 e6 3. c4 b6 4. g3 Bb7 5. Bg2 Bb4+ 6. Bd2 Be7 7. O-O O-O 8.
Nc3 d6 9. Qc2 c5 10. Rfd1 cxd4 11. Nxd4 Bxg2 12. Kxg2 Qc7 13. b3 Nc6 14.
Nf3 Rfd8 15. Rac1 Qb7 16. Kg1 Rac8 17. Bg5 h6 18. Bxf6 Bxf6 19. Nb5 Be7 20.
Qe4 Qb8 21. Nbd4 Nxd4 22. Nxd4 Bf6 23. Nf3 Qc7 24. Qf4 Qc5 25. e4 Qa3
1/2-1/2

[Event "Politiken Cup"]
[Site "Helsingor DEN"]
[Date "2009.07.22"]
[Round "6"]
[White "Bruun,H"]
[Black "Pallesen,Jo"]
[Result "1-0"]
[WhiteElo "2093"]
[BlackElo "1701"]
[EventDate "2009.07.18"]

1. e4 c5 2. Nf3 g6 3. d4 cxd4 4. Nxd4 Nc6 5. Be3 Bg7 6. Nc3 d6 7. Qd2 Nf6
8. f3 O-O 9. O-O-O Qa5 10. Kb1 Bd7 11. g4 Nxd4 12. Bxd4 Be6 13. Nd5 Qxd2
14. Nxe7+ Kh8 15. Rxd2 Rfe8 16. Bxf6 Bxf6 17. Nd5 Bg5 18. Rd4 Rac8 19. Bc4
Rc5 20. Bb3 Kg7 21. Rhd1 Rec8 22. c3 b5 23. Nb4 Be7 24. Bd5 Bxd5 25. Nxd5
Bf8 26. a4 a6 27. Kc2 Kh6 28. axb5 axb5 29. Ra1 Bg7 30. Rb4 f5 31. gxf5
gxf5 32. Ne7 Bxc3 33. bxc3 Rxc3+ 34. Kd1 Rd3+ 35. Ke2 Rcc3 36. Nxf5+ Kg6
37. Rxb5 Kf6 38. Ra6 Rxf3 39. Rxd6+ Kf7 40. Rb7+ Ke8 41. Ng7+ 1-0

[Event "Politiken Cup"]
[Site "Helsingor DEN"]
[Date "2009.07.22"]
[Round "6"]
[White "Nielsen,Pa"]
[Black "Omarsson,D"]
[Result "0-1"]
[WhiteElo "1877"]
[BlackElo "2091"]
[EventDate "2009.07.18"]

1. e4 c5 2. Nf3 d6 3. Nc3 Nf6 4. d4 cxd4 5. Nxd4 g6 6. Be2 Bg7 7. Be3 Nc6
8. O-O O-O 9. f4 Qb6 10. Ncb5 Nxe4 11. Nf5 Qa5 12. Nxg7 Kxg7 13. Qd5 Nf6
14. Qg5 a6 15. a4 axb5 16. axb5 Qxa1 17. Rxa1 Rxa1+ 18. Bf1 Nb4 19. h4 Nxc2
20. Bf2 Bg4 21. f5 Be2 22. Qd2 Bxf1 23. Kh2 Rc8 24. fxg6 hxg6 25. Bd4 Nxd4
26. Qxd4 Rc2 0-1

[Event "Politiken Cup"]
[Site "Helsingor DEN"]
[Date "2009.07.22"]
[Round "6"]
[White "Dalberg,P"]
[Black "Rasmussen,M1"]
[Result "1-0"]
[WhiteElo "2088"]
[BlackElo "1870"]
[EventDate "2009.07.18"]

1. c4 e5 2. g3 d6 3. Nc3 f5 4. d3 Nf6 5. Bg2 Be7 6. e4 O-O 7. Nge2 c6 8.
O-O Qe8 9. f3 Na6 10. Be3 Be6 11. exf5 Bxf5 12. d4 Nd7 13. Qd2 Nc7 14. Rae1
Be6 15. b3 d5 16. cxd5 Nxd5 17. Nxd5 Bxd5 18. dxe5 Nxe5 19. Nf4 Rd8 20. Qc3
Ng6 21. Nh5 Qf7 22. Bd4 Bf6 23. Nxf6+ gxf6 24. Bxa7 Rfe8 25. Bd4 f5 26. Bb6
Ra8 27. Rxe8+ Rxe8 28. f4 Bxg2 29. Kxg2 Qe6 30. Qf3 Qd7 31. Rd1 Qg7 32. Kf1
Qb2 33. Qf2 Qc3 34. Bd4 Qb4 35. Qd2 Qb5+ 36. Qd3 Qd5 37. Bg1 Qa5 38. Rd2
Ne7 39. Re2 Kf7 40. Qc4+ Qd5 41. Bc5 Qxc4 42. bxc4 Ng8 43. Rb2 1-0

[Event "Politiken Cup"]
[Site "Helsingor DEN"]
[Date "2009.07.22"]
[Round "6"]
[White "Botheim,T"]
[Black "Jonsson,L"]
[Result "1-0"]
[WhiteElo "1939"]
[BlackElo "2082"]
[EventDate "2009.07.18"]

1. e4 c5 2. Nf3 g6 3. h4 h5 4. d4 Bg7 5. dxc5 Qa5+ 6. c3 Qxc5 7. Na3 Qa5 8.
Bc4 Nf6 9. Nb5 O-O 10. b4 Qd8 11. Bf4 d6 12. e5 Ng4 13. exd6 a6 14. Nc7
Bxc3+ 15. Bd2 Bxa1 16. Qxa1 Qxd6 17. Nxa8 b5 18. Bb3 Bb7 19. Qd4 Qxd4 20.
Nxd4 Bxa8 21. O-O Rd8 22. Bc3 e5 23. Nf3 Bxf3 24. gxf3 Rd3 25. Ba1 Rxf3 26.
Kg2 Rd3 27. Rc1 Nd7 28. Rc8+ Kg7 29. f4 Kf6 30. fxe5+ Ngxe5 31. Rc6+ Ke7
32. Rxa6 f5 33. Bxe5 Nxe5 34. Re6+ Kd7 35. Rxe5 Rd4 36. Rd5+ Rxd5 37. Bxd5
Kd6 38. Bf7 1-0

[Event "Politiken Cup"]
[Site "Helsingor DEN"]
[Date "2009.07.22"]
[Round "6"]
[White "Jensen,SorenG"]
[Black "Moller,A"]
[Result "1-0"]
[WhiteElo "2082"]
[BlackElo "1860"]
[EventDate "2009.07.18"]

1. d4 Nf6 2. c4 e6 3. Nc3 Bb4 4. Qc2 O-O 5. e4 c5 6. dxc5 Bxc5 7. Be2 Nc6
8. Nf3 h6 9. O-O e5 10. a3 Nd4 11. Nxd4 Bxd4 12. Nb5 Bc5 13. b4 Be7 14. Be3
a6 15. Nc3 d6 16. Rac1 Ng4 17. Bxg4 Bxg4 18. Nd5 Bg5 19. Qd2 Bxe3 20. Nxe3
Be6 21. Rfd1 Qh4 22. f3 Rad8 23. Rc3 f5 24. exf5 Bxf5 25. Qd5+ Kh8 26. Nxf5
Rxf5 27. c5 Rh5 28. h3 Qg3 29. Kf1 Qh2 30. Kf2 Rxh3 31. cxd6 Qg3+ 32. Ke3
Qxg2 33. Rd2 Qg1+ 34. Kd3 Qg6+ 35. Kc4 Rc8+ 36. Kb3 Qb1+ 37. Rb2 Rxc3+ 38.
Kxc3 Qe1+ 39. Kb3 Qe3+ 40. Ka4 b5+ 41. Ka5 Qxa3+ 42. Kb6 Rxf3 43. d7 Rf8
44. Rc2 Qe3+ 45. Kb7 Qg5 46. Rc8 Rd8 47. Kc7 1-0

[Event "Politiken Cup"]
[Site "Helsingor DEN"]
[Date "2009.07.22"]
[Round "6"]
[White "Tari,A"]
[Black "Larsen,TorKe"]
[Result "1/2-1/2"]
[WhiteElo "1901"]
[BlackElo "2074"]
[EventDate "2009.07.18"]

1. e4 Nf6 2. Nc3 d5 3. exd5 Nxd5 4. Bc4 c6 5. Nge2 Bf5 6. d3 e6 7. O-O Nd7
8. Re1 N5b6 9. Bb3 Nc5 10. Ng3 Bg6 11. Be3 Nxb3 12. axb3 Be7 13. Qf3 O-O
14. Nge4 Qc7 15. Qg3 Qxg3 16. Nxg3 Nc8 17. Nge4 b6 18. f4 h5 19. Ne2 Nd6
20. Nxd6 Bxd6 21. Nd4 Rfc8 22. Ra6 1/2-1/2

[Event "Politiken Cup"]
[Site "Helsingor DEN"]
[Date "2009.07.22"]
[Round "6"]
[White "Nielsen,KaiG"]
[Black "Ostlund,A"]
[Result "1/2-1/2"]
[WhiteElo "1899"]
[BlackElo "2067"]
[EventDate "2009.07.18"]

1. Nf3 e6 2. g3 f5 3. Bg2 Nf6 4. d4 Be7 5. c4 O-O 6. Nc3 d6 7. Qc2 a5 8.
O-O Nc6 9. a3 e5 10. dxe5 dxe5 11. Rd1 Qe8 12. Nb5 Bd8 13. Bg5 h6 14. Bxf6
Rxf6 15. Ne1 Rf8 16. Nd3 Kh8 17. Qc3 Kh7 1/2-1/2

[Event "Politiken Cup"]
[Site "Helsingor DEN"]
[Date "2009.07.22"]
[Round "6"]
[White "Pedersen,JanK"]
[Black "Hoel,J"]
[Result "1-0"]
[WhiteElo "2065"]
[BlackElo "1879"]
[EventDate "2009.07.18"]

1. d4 Nf6 2. Nf3 g6 3. Bg5 Bg7 4. Nbd2 O-O 5. e3 d6 6. Bd3 Nbd7 7. c3 e5 8.
Qc2 Qe8 9. O-O-O d5 10. dxe5 Nxe5 11. Nxe5 Qxe5 12. Nf3 Qe8 13. Bxf6 Bxf6
14. e4 dxe4 15. Bxe4 c6 16. Rhe1 Be6 17. Nd4 Bxd4 18. Rxd4 b5 19. h4 c5 20.
Rdd1 Rb8 21. h5 c4 22. hxg6 hxg6 23. f4 Qe7 24. Bxg6 Qf6 25. Bh7+ Kg7 26.
g3 b4 27. Be4 Bg4 28. Rd5 b3 29. axb3 cxb3 30. Qf2 Rg8 31. Rg5+ Kf8 32.
Qc5+ Qe7 33. Rxg8+ 1-0

[Event "Politiken Cup"]
[Site "Helsingor DEN"]
[Date "2009.07.22"]
[Round "6"]
[White "Petersen,Nil"]
[Black "Sorensen,JohnK"]
[Result "0-1"]
[WhiteElo "2060"]
[BlackElo "1857"]
[EventDate "2009.07.18"]

1. c4 c6 2. Nc3 d5 3. e3 Nf6 4. Nf3 a6 5. b3 Bf5 6. d4 e6 7. Be2 h6 8. O-O
Bd6 9. a4 O-O 10. Ba3 Re8 11. Bxd6 Qxd6 12. Ne5 Nbd7 13. f4 Nf8 14. Bd3 Ne4
15. Qc2 Nxc3 16. Bxf5 exf5 17. Qxc3 Re7 18. Rfe1 Rae8 19. cxd5 Qxd5 20. b4
Re6 21. a5 Qd8 22. Rad1 Nh7 23. Nc4 Nf6 24. Nb6 Ng4 25. Nc4 Qh4 26. h3 Qf2+
27. Kh1 Nxe3 28. Nxe3 Rxe3 29. Rxe3 Rxe3 30. Qc1 Re2 31. Rg1 Qxd4 32. Qc5
Qxc5 33. bxc5 Rc2 34. Rb1 Rxc5 35. Rxb7 Rxa5 36. Rb6 c5 37. Kg1 g5 38. Rxh6
gxf4 39. Kf1 Kf8 40. Rc6 Ke7 41. h4 Kd7 42. Rf6 c4 43. Rxf7+ Kd6 44. Kf2 c3
45. Rf6+ Ke5 46. Rc6 Kd4 47. h5 Re5 48. h6 a5 49. h7 Re8 50. Rh6 c2 51. Rc6
Kd3 52. Rd6+ Kc3 53. Rc6+ Kb2 54. Rb6+ Kc1 55. Ra6 a4 56. Kf3 a3 57. Kxf4
Rh8 58. Kxf5 Rxh7 59. g4 Kb2 60. Rb6+ Kc3 61. Rc6+ Kb3 62. Rb6+ Ka4 63. Rc6
a2 64. g5 Kb5 0-1

[Event "Politiken Cup"]
[Site "Helsingor DEN"]
[Date "2009.07.22"]
[Round "6"]
[White "Schmidt,Ho DEN"]
[Black "Jensen,SorenH"]
[Result "1/2-1/2"]
[WhiteElo "1875"]
[BlackElo "2054"]
[EventDate "2009.07.18"]

1. d4 d5 2. Nf3 Nf6 3. e3 Bg4 4. Be2 e6 5. O-O c5 6. c4 dxc4 7. Qa4+ Nc6 8.
Qxc4 cxd4 9. Nxd4 Bxe2 10. Nxe2 Be7 11. Nbc3 O-O 12. Rd1 Qb6 13. Na4 Qb4
14. Qxb4 Bxb4 15. Bd2 Rfd8 16. Bxb4 Nxb4 17. a3 Nbd5 18. Nac3 Rac8 19. e4
Nb6 20. b3 Kf8 21. f3 a6 22. Kf2 Nfd7 23. Rd6 Ke7 24. Rad1 Rc7 25. Ke3 Nd5+
26. Nxd5+ Kxd6 27. Nxc7+ Kxc7 28. f4 Nf6 1/2-1/2

[Event "Politiken Cup"]
[Site "Helsingor DEN"]
[Date "2009.07.22"]
[Round "6"]
[White "Sjol,H"]
[Black "Carnstam,T"]
[Result "1/2-1/2"]
[WhiteElo "1852"]
[BlackElo "2047"]
[EventDate "2009.07.18"]

1. Nf3 c5 2. e4 Nc6 3. d4 cxd4 4. Nxd4 e5 5. Nb5 a6 6. Nd6+ Bxd6 7. Qxd6
Qf6 8. Qxf6 Nxf6 9. Nc3 d5 10. Nxd5 Nxd5 11. exd5 Nb4 12. Kd1 Nxd5 13. c4
Nc7 14. Bd3 O-O 15. Ke2 Be6 16. b3 Rfe8 17. Be3 e4 18. Bxe4 Bxc4+ 19. Kf3
Bd5 20. Bxd5 Nxd5 21. Rhe1 1/2-1/2

[Event "Politiken Cup"]
[Site "Helsingor DEN"]
[Date "2009.07.22"]
[Round "6"]
[White "Ostlund,M"]
[Black "Bjorneboe,K"]
[Result "0-1"]
[WhiteElo "1827"]
[BlackElo "2041"]
[EventDate "2009.07.18"]

1. e4 c6 2. d4 d5 3. exd5 cxd5 4. c4 Nf6 5. Nc3 e6 6. Nf3 Nc6 7. a3 Ne4 8.
Bd3 Nxc3 9. bxc3 dxc4 10. Bxc4 Be7 11. Bd3 O-O 12. h4 f6 13. Ng5 fxg5 14.
Bxh7+ Kxh7 15. hxg5+ Kg8 16. g6 Qd5 17. Qg4 Qf5 18. Qg3 Qxf2+ 19. Qxf2 Rxf2
20. Kxf2 Bf6 21. g4 Nxd4 22. Be3 Nc2 23. g5 Nxe3 24. gxf6 Ng4+ 25. Kg3 Nxf6
26. Rh4 b6 27. Rd1 Bb7 28. Rd2 0-1

[Event "Politiken Cup"]
[Site "Helsingor DEN"]
[Date "2009.07.22"]
[Round "6"]
[White "Maechel,M"]
[Black "Bryn,T"]
[Result "0-1"]
[WhiteElo "1731"]
[BlackElo "2024"]
[EventDate "2009.07.18"]

1. d4 d5 2. Nf3 Nf6 3. Bf4 c5 4. e3 Nc6 5. c3 Qb6 6. Qc2 Nh5 7. Bg3 Nxg3 8.
hxg3 g6 9. dxc5 Qxc5 10. Bd3 Bg7 11. Nd4 O-O 12. Nxc6 Qxc6 13. Nd2 Rb8 14.
Nf3 Bd7 15. Nd4 Qc7 16. Kd2 b5 17. Rh4 e5 18. Nf5 gxf5 19. Bxf5 Rfe8 20.
Rah1 h6 21. Rg4 e4 22. Bxd7 Qxd7 23. Rhh4 b4 24. cxb4 Rec8 25. Qb3 Qc6 26.
Qc3 Qxc3+ 27. bxc3 Kf8 28. Rh5 Bxc3+ 29. Ke2 Rd8 30. Rxh6 Rxb4 31. Rc6 Rb2+
32. Kd1 Ba5 33. Rh4 Ke7 34. Rh5 Rxf2 35. Re5+ Kf8 36. Rc5 d4 37. Rxa5 dxe3+
38. Rad5 Rd2+ 39. Rxd2 Rxd2+ 40. Ke1 Rxg2 41. Rxe4 Rxg3 42. Ke2 Kg7 43. Ra4
Kg6 44. Ra6+ f6 45. Rxa7 f5 46. Ra8 Rh3 47. a4 f4 48. Rg8+ Kf5 49. a5 Rh2+
50. Kd3 Rd2+ 51. Kc3 Ra2 52. Rf8+ Ke4 53. Kb4 Kf3 54. Kb5 e2 55. Re8 Kf2
56. Rh8 Rxa5+ 0-1

[Event "Politiken Cup"]
[Site "Helsingor DEN"]
[Date "2009.07.22"]
[Round "6"]
[White "Madland,K"]
[Black "Knoth,M"]
[Result "1-0"]
[WhiteElo "2017"]
[BlackElo "1856"]
[EventDate "2009.07.18"]

1. e4 e6 2. d4 d5 3. Nc3 dxe4 4. Nxe4 Nf6 5. Bd3 Nxe4 6. Bxe4 Nd7 7. Qe2
Nf6 8. Bxb7 Rb8 9. Bxc8 Qxc8 10. Nf3 c5 11. O-O cxd4 12. Nxd4 Be7 13. Rb1
O-O 14. Bg5 Nd5 15. Bxe7 Nxe7 16. c4 Qc5 17. Rfd1 Rfc8 18. b3 a5 19. Nb5
Rd8 20. Rxd8+ Rxd8 21. Rd1 Qc8 22. h3 Nc6 23. Rd3 Rxd3 24. Qxd3 Qd8 25.
Qxd8+ Nxd8 26. Kf1 Nc6 27. Ke2 Kf8 28. Kd3 Ke7 29. Kc3 g5 30. Nd4 Ne5 31.
a3 f5 32. b4 axb4+ 33. axb4 h5 34. c5 h4 35. b5 Ng6 36. b6 Kd7 37. Nxe6 1-0

[Event "Politiken Cup"]
[Site "Helsingor DEN"]
[Date "2009.07.22"]
[Round "6"]
[White "Skovle,L"]
[Black "Sondergaard,T"]
[Result "0-1"]
[WhiteElo "1677"]
[BlackElo "2017"]
[EventDate "2009.07.18"]

1. e4 c5 2. Nf3 Nc6 3. Bb5 g6 4. O-O Bg7 5. Re1 Nd4 6. Nxd4 cxd4 7. e5 a6
8. Bf1 d6 9. exd6 Qxd6 10. d3 Nf6 11. Bg5 O-O 12. Nd2 Ng4 13. Nf3 f6 14.
Bh4 e5 15. c4 h5 16. h3 Nh6 17. Qb3 Kh8 18. Bg3 Nf5 19. Bh2 g5 20. Re4 Qc6
21. Rc1 Be6 22. Qd1 Qe8 23. Nd2 Qg6 24. Be2 Bf7 25. g4 Nd6 26. gxh5 Qh7 27.
Rg4 Bxh5 28. Rg3 Bg6 29. Nf3 Nf5 30. Kg2 Nxg3 31. fxg3 g4 32. hxg4 Bh6 33.
Ra1 Bg5 34. Qc2 Kg7 35. Rh1 Rh8 36. c5 Be3 37. b4 Qh3+ 0-1

[Event "Politiken Cup"]
[Site "Helsingor DEN"]
[Date "2009.07.22"]
[Round "6"]
[White "Moe,P"]
[Black "Pedersen,NicK"]
[Result "0-1"]
[WhiteElo "1820"]
[BlackElo "2014"]
[EventDate "2009.07.18"]

1. e4 c6 2. d4 d5 3. Nc3 dxe4 4. Nxe4 Bf5 5. Ng3 Bg6 6. h4 h6 7. Nf3 Nd7 8.
Bd3 Bxd3 9. Qxd3 e6 10. Bd2 Ngf6 11. O-O-O Be7 12. Kb1 O-O 13. Ne4 Ng4 14.
Nh2 Nxh2 15. Rxh2 c5 16. c3 cxd4 17. cxd4 Nf6 18. Bc3 Nd5 19. Bd2 Rc8 20.
f4 Qb6 21. g4 Qa6 22. Qf3 Qc4 23. Bc3 f5 24. gxf5 exf5 25. Nf2 Bb4 26. Rc1
Bxc3 27. Nd1 Qxd4 28. Nxc3 Nxc3+ 29. bxc3 Qe4+ 30. Qxe4 fxe4 31. Rf2 e3 32.
Re2 Rxf4 33. Rxe3 Rxh4 34. Re7 Rhc4 35. Rxb7 Rxc3 36. Rg1 R8c7 37. Rb8+ Kh7
38. Rb5 R3c5 39. Rb3 R7c6 40. Rbg3 Rb6+ 41. Ka1 Rb7 42. Rd3 Rcb5 43. Rc3 h5
44. Rh1 Kh6 45. Rg1 g6 46. Rc6 Rg5 47. Rd1 Rb6 48. Rc3 h4 49. Rc7 a6 50.
Rc4 Rh5 51. Rd8 Rb7 52. Rd6 h3 53. Rc1 h2 54. Rh1 Rb4 55. Rxa6 Rg4 56. Rb6
Rg1+ 57. Rb1 Rxh1 58. Rxh1 g5 59. Kb2 g4 60. a4 g3 0-1

[Event "Politiken Cup"]
[Site "Helsingor DEN"]
[Date "2009.07.22"]
[Round "6"]
[White "Larsen,Han"]
[Black "Boje,T"]
[Result "0-1"]
[WhiteElo "1844"]
[BlackElo "2008"]
[EventDate "2009.07.18"]

1. e4 c6 2. d4 d5 3. exd5 cxd5 4. Bd3 Nc6 5. c3 Nf6 6. h3 e6 7. Nf3 Qc7 8.
O-O Rb8 9. Qc2 Be7 10. Bg5 h6 11. Bh4 O-O 12. Nbd2 b5 13. Rae1 b4 14. c4
Ba6 15. b3 dxc4 16. bxc4 Rfd8 17. Nb3 Bb7 18. Re2 a5 19. Nc5 Nxd4 20. Nxd4
Rxd4 21. Bxf6 Bxf6 22. Nxb7 Qxb7 23. Rd1 Qc7 24. Bh7+ Kh8 25. Rxd4 Bxd4 26.
Bd3 Rd8 27. Rd2 Qc5 28. Kf1 Qe5 29. Qa4 Bc3 30. Rd1 Rxd3 0-1

[Event "Politiken Cup"]
[Site "Helsingor DEN"]
[Date "2009.07.22"]
[Round "6"]
[White "Knudsen,JesW"]
[Black "Barane,S"]
[Result "1-0"]
[WhiteElo "2005"]
[BlackElo "1854"]
[EventDate "2009.07.18"]

1. e4 c5 2. Nf3 Nc6 3. Bb5 Nd4 4. Nxd4 cxd4 5. O-O g6 6. Re1 a6 7. Bf1 Bg7
8. d3 e6 9. Bf4 Qb6 10. Na3 e5 11. Bd2 Qc7 12. c3 Bf8 13. cxd4 Bxa3 14. Rc1
Qb6 15. bxa3 Qxd4 16. Bc3 Qd6 17. Bb4 Qe6 18. d4 d6 19. Rc7 Kd8 20. Ba5 Ke8
21. Bc4 Qg4 22. dxe5 dxe5 23. Bxf7+ Kf8 24. Qd6+ Kg7 25. Be6+ 1-0

[Event "Politiken Cup"]
[Site "Helsingor DEN"]
[Date "2009.07.22"]
[Round "6"]
[White "Larsen,Fi"]
[Black "Svanholm,B"]
[Result "0-1"]
[WhiteElo "1799"]
[BlackElo "2001"]
[EventDate "2009.07.18"]

1. e4 c5 2. Nf3 d6 3. d4 cxd4 4. Nxd4 Nf6 5. Nc3 a6 6. Be2 e5 7. Nf3 Be7 8.
O-O O-O 9. h3 h6 10. Be3 Be6 11. Qd2 Nbd7 12. Bd3 Re8 13. Ne2 Rc8 14. Rac1
b5 15. a4 Bc4 16. b3 Bxd3 17. cxd3 bxa4 18. bxa4 d5 19. Rxc8 Qxc8 20. exd5
Nxd5 21. Qa2 Nb4 22. Qb3 Qb8 23. Rd1 Rc8 24. d4 exd4 25. Bxd4 Nf6 26. Ng3
Nbd5 27. Qd3 a5 28. Rb1 Bb4 29. Ne4 Nxe4 30. Qxe4 Qd6 31. Bxg7 Kxg7 32. Rd1
Nf6 0-1

[Event "Politiken Cup"]
[Site "Helsingor DEN"]
[Date "2009.07.22"]
[Round "6"]
[White "Lyngsjo,G"]
[Black "Munk,Po"]
[Result "1/2-1/2"]
[WhiteElo "1829"]
[BlackElo "1996"]
[EventDate "2009.07.18"]

1. Nf3 Nf6 2. c4 c5 3. g3 g6 4. Nc3 Nc6 5. Bg2 Bg7 6. e4 d6 7. d4 cxd4 8.
Nxd4 Nxd4 9. Qxd4 O-O 10. O-O Be6 11. Qd3 Ng4 12. b3 Qa5 13. Bd2 Qh5 14. h4
Qc5 15. Rac1 Rfe8 16. Ne2 Ne5 17. Qc2 Rac8 18. Be3 Qa5 19. Bd2 Qd8 20. Qb1
Bg4 21. Nf4 Nf3+ 22. Bxf3 Bxf3 23. Qd3 Bg4 24. f3 Bd7 25. Kg2 Be6 26. Be3
b6 27. Rh1 Qd7 28. a4 Qb7 29. Nd5 Bxd5 30. exd5 h5 31. Bf4 a6 32. Rhe1 Bf6
33. Re2 Qd7 34. Rce1 Rcd8 35. Qe3 Qc7 36. Qd2 Qc5 37. Bg5 Bxg5 38. Qxg5 Rd7
39. Rxe7 Rdxe7 40. Rxe7 Rxe7 41. Qxe7 a5 42. Qe8+ Kg7 43. Qc6 Qe3 44. Qxd6
Qe2+ 1/2-1/2

[Event "Politiken Cup"]
[Site "Helsingor DEN"]
[Date "2009.07.22"]
[Round "6"]
[White "Knudsen,Jo2"]
[Black "Borup,M"]
[Result "0-1"]
[WhiteElo "1787"]
[BlackElo "1992"]
[EventDate "2009.07.18"]

1. d4 Nf6 2. c4 e6 3. Nf3 Bb4+ 4. Bd2 a5 5. a3 Bxd2+ 6. Qxd2 d6 7. Nc3 Nc6
8. e3 O-O 9. Bd3 Re8 10. Qc2 Qe7 11. Ng5 h6 12. Nge4 e5 13. d5 Nb8 14.
Nxf6+ Qxf6 15. Ne4 Qe7 16. c5 Nd7 17. Bb5 Rd8 18. cxd6 cxd6 19. Qc7 Qf8 20.
Nxd6 Nf6 21. Nxf7 Rxd5 22. Nxe5 Rxb5 23. Qc4+ Rd5 24. e4 Qe8 25. f4 Be6 26.
exd5 Nxd5 27. Qe4 Qb5 28. Nd3 Qb6 29. Rc1 Bf7 30. Ne5 Re8 31. Qc4 Qe3+ 32.
Kf1 Qd2 33. Kg1 Rxe5 34. fxe5 Ne3 35. Qc8+ Kh7 36. Qxb7 Qxc1+ 37. Kf2 Qd2+
38. Kg3 Nf5+ 39. Kh3 Bd5 40. Qd7 Bxg2+ 0-1

[Event "Politiken Cup"]
[Site "Helsingor DEN"]
[Date "2009.07.22"]
[Round "6"]
[White "Christensen,SvendI"]
[Black "Pedersen,TR"]
[Result "0-1"]
[WhiteElo "1775"]
[BlackElo "1987"]
[EventDate "2009.07.18"]

1. d4 Nf6 2. Nf3 e6 3. Bf4 d5 4. Nbd2 Be7 5. e3 Nbd7 6. Bd3 b6 7. c3 Bb7 8.
h3 Rc8 9. O-O O-O 10. Qe2 Ne4 11. Ba6 Bxa6 12. Qxa6 Bd6 13. Nxe4 dxe4 14.
Nd2 Bxf4 15. exf4 Qh4 16. Qe2 Qxf4 17. Nxe4 Rfd8 18. Rad1 Nf8 19. Rfe1 c6
20. Qe3 Qc7 21. Qg3 Ng6 22. Qxc7 Rxc7 23. f3 Rcd7 24. Nf2 h6 25. Kf1 Rd5
26. b4 a5 27. a3 Kf8 28. Ng4 e5 29. Ne3 R5d7 30. dxe5 Nxe5 31. Rxd7 Rxd7
32. Rd1 Rxd1+ 33. Nxd1 Nc4 34. bxa5 bxa5 35. a4 Ke7 36. Ke2 Kd6 37. Kd3 Kc5
38. Ke4 g6 39. g4 Nd2+ 40. Ke3 Nc4+ 41. Ke4 f6 42. h4 Nd6+ 43. Kd3 f5 44.
Nb2 f4 45. h5 gxh5 46. gxh5 Kd5 47. Ke2 Nf5 48. Kd3 Ng3 49. Nc4 Nxh5 50.
Nxa5 Nf6 51. Ke2 c5 52. Kf2 Nd7 53. Kg2 Nb6 54. Kh3 h5 55. Kh4 Nxa4 56. c4+
Kd4 57. Kxh5 Ke3 58. Kg4 Nb2 59. Nb3 Nd3 60. Kh3 Kxf3 0-1